000 00941cam a2200253 a 4500
020 _a9789251069035
020 _a9251069034
040 _cDLC
082 _a368 FOO 2011 A015 Or.
245 0 0 _aLooking ahead in world food and agriculture :
_bperspectives to 2050 /
260 _aRome :
_bFood and Agriculture Organization of the United nations,
_c2011.
300 _axviii, 539 p. :
_bcol. ill. ;
_c24 cm.
500 _a"Agricultural Development Economic Division, Economic and Social Development Department"--Cover.
500 _aCollected essays.
650 0 _aFood supply.
650 0 _aFood supply
650 0 _aAgricultural productivity.
650 0 _aAgricultural productivity
700 1 _aConforti, Piero.
710 2 _aFood and Agriculture Organization of the United Nations.
710 2 _aFood and Agriculture Organization of the United Nations.
856 4 1 _uwww.fao.org/docrep/014/i2280e/i2280e.pdf
942 _cEK
999 _c11470
_d11470